000 00329nam a22001337a 4500
008 250411b |||||||| |||| 00| 0 eng d
020 _a0262200716
050 _aHD2326
_b.T57
100 _aTIRODE Jean
245 _aThe Theory of Industrial Organization
260 _aLondon
_bThe MIT Press
_c1988
300 _a478p.
942 _cBK
999 _c2943
_d2943